000 00786nam a22002057a 4500
999 _c57817
_d57817
005 20210118133536.0
008 201221c2020 ge ||||| |||| 00| 0 geo d
022 _a01321447
041 _ageo
245 _aმოამბე = Bulleten :
_b2020 /
_cრედაქტორი გიორგი კვესიტაძე.
260 _aთბილისი,
_c2020.
300 _a176 გვ.
_b30 სმ.
653 _aმატემატიკა
653 _aორგანული ქიმია
653 _aსანმენებლო მექანიკა
653 _aგეოლოგია
653 _aპერიოდიკა
700 _aკვესიტაძე, გიორგი
_eრედაქტორი
_92606
942 _2udc
_cCR